Carregant...

Murasaki Shikubus The tale of Genji /

Dades bibliogràfiques
Autor principal: Shikibu, Murasaki
Altres autors: Bloom, Harold
Format: Printed Book
Idioma:English
Publicat: Philadephia : Chelsea books, 2004.
Col·lecció:Bloom's modern critical interpretations
Matèries:
LEADER 00698nam a22001817a 4500
008 130802b xxu||||| |||| 00| 0 eng d
999 |c 2514  |d 2514 
020 |a 9780791075845 
082 |a 895.6314 BLO 
100 |a Shikibu, Murasaki 
245 |a Murasaki Shikubus The tale of Genji /  |c edited and with an introduction by Harold Bloom 
260 |a Philadephia :  |b Chelsea books,   |c 2004. 
300 |a 355p. 
440 |a Bloom's modern critical interpretations 
650 |a Critical interpretations 
700 |a Bloom, Harold 
942 |2 ddc  |c BK 
952 |0 0  |1 0  |2 ddc  |4 0  |6 895_631400000000000_BLO  |7 0  |9 2914  |a MAIN  |b MAIN  |d 2013-08-02  |e Penta Book Distributers  |g 3996.00  |o 895.6314 BLO  |p 2958  |r 2013-08-02  |w 2013-08-02  |y BK